000 00264nam a22001217a 4500
008 170223b xxu||||| |||| 978068306271700| 0 eng d
041 _aeng
080 _23 ED
_a617
100 _a5
101 _aSHK
245 _aSURGERY
_cJARRELL.B,E
942 _2udc
_cBK
999 _c6144
_d6144